000 00581nam a22001937a 4500
005 20231206120152.0
010 _aENG-137647
020 _a9789383812387
_c350.00
035 _aEN-121179
037 _bDBAD/PUB
082 _a959.5705
100 _aM.V. SC. K. Sivam
_959560
245 _aSingpore Lee Kuan Yew/
_cBy K. Sivam M.V. SC
250 _a
260 _aChennai
_bGeethamPublications
_c2017
270 _a3/3, Padmavathi Avenue, Thirumalai Nagar Annex, Perungudi
_bChennai
_e600096
300 _a308p.
_c22cm(pbk)
942 _2ddc
_cEN
_h959.5705
_kSIV
999 _c196820
_d196820